On the ecology of a tropical fish community
Đã lưu trong:
| Príomhúdar: | |
|---|---|
| Formáid: | Leabhar |
| Teanga: | Undetermined |
| Foilsithe: |
Wageningen, Netherland
Landbouwuniversiteit te Wageninggen
1996
|
| Ábhair: | |
| Clibeanna: |
Cuir Clib Leis
Gan Chlibeanna, Bí ar an gcéad duine leis an taifead seo a chlibeáil!
|
| Thư viện lưu trữ: | Trung tâm Học liệu Trường Đại học Cần Thơ |
|---|
| LEADER | 00536nam a2200181Ia 4500 | ||
|---|---|---|---|
| 001 | CTU_44152 | ||
| 008 | 210402s9999 xx 000 0 und d | ||
| 082 | |a 597 | ||
| 082 | |b P625/1996 | ||
| 100 | |a G J Piet | ||
| 245 | 0 | |a On the ecology of a tropical fish community | |
| 245 | 0 | |c G J Piet | |
| 260 | |a Wageningen, Netherland | ||
| 260 | |b Landbouwuniversiteit te Wageninggen | ||
| 260 | |c 1996 | ||
| 650 | |a fishes - ecology | ||
| 904 | |i Nguyễn Quang Điền, 010911 | ||
| 980 | |a Trung tâm Học liệu Trường Đại học Cần Thơ | ||